Вып. 65; Геология и геохимия горючих ископаемых

Dettagli Bibliografici
Parent link:Геология и геохимия горючих ископаемых: республиканский межведомственный сборник научных трудов/ Академия наук Украинской ССР (АН УССР), Институт геологии и геохимии горючих ископаемых. Вып. 65.— , 1965-1991
Altri autori: Кучер Р. В. (редактор)
Lingua:russo
Pubblicazione: 1985
Soggetti:
Natura: MixedMaterials Libro
KOHA link:https://koha.lib.tpu.ru/cgi-bin/koha/opac-detail.pl?biblionumber=283779

MARC

LEADER 00000n m2a2200000 4500
001 283779
005 20231101235630.0
035 |a (RuTPU)RU\TPU\book\307909 
035 |a RU\TPU\book\306034 
035 |a RU\TPU\book\219101 
090 |a 283779 
100 |a 20150210d1985 k y0rusy50 ca 
101 0 |a rus 
102 |a UA 
105 |a a z 001zy 
200 0 |a Вып. 65  |f отв. ред. Р. В. Кучер 
210 |d 1985 
215 |a 112 с.  |c ил. 
320 |a Библиогр. в конце статей 
461 1 |0 (RuTPU)RU\TPU\book\218604  |t Геология и геохимия горючих ископаемых  |o республиканский межведомственный сборник научных трудов  |f Академия наук Украинской ССР (АН УССР), Институт геологии и геохимии горючих ископаемых  |v Вып. 65  |d 1965-1991 
606 1 |a Горючие ископаемые  |x Месторождения  |2 stltpush  |3 (RuTPU)RU\TPU\subj\72100  |9 85687 
610 1 |a угольная геология 
610 1 |a геохимия 
610 1 |a нефтегазоносность 
610 1 |a изучение 
610 1 |a Украина 
610 1 |a геологическое строение 
610 1 |a литологические исследования 
610 1 |a геохимические исследования 
610 1 |a гидрогеологические исследования 
675 |a 553.9  |v 4 
702 1 |a Кучер  |b Р. В.  |4 340 
801 1 |a RU  |b 63413507  |c 20130131 
801 2 |a RU  |b 63413507  |c 20180219  |g RCR 
942 |c BK